000 00297 a2200145 4500
001 162313
020 _a
040 _cMagnum
100 _aBerle, Gustav
240 1 0 _aO empreendedor do verde
_lpor
245 1 0 _aO empreendedor do verde
362 0 _a1899
697 _aECOLOGIA
942 _cBK
999 _c162313
_d162313